| 000 | 00740nam a2200265Ia 4500 | ||
|---|---|---|---|
| 005 | 20260302114307.0 | ||
| 008 | 008 260114s9999 xx 000 0 eng d | ||
| 020 | _a9781350125087 | ||
| 037 | _aTextbook | ||
| 040 | _aCRL | ||
| 040 | _beng | ||
| 040 | _cCRL | ||
| 041 | _2eng | ||
| 041 | _aeng | ||
| 084 | _qCRL | ||
| 100 |
_aBrandon Robshaw _91118348 |
||
| 245 | 0 | _aShould a Liberal State Ban the Burqa? Reconciling Liberalism, Multiculturalism and European Politics | |
| 260 | _bBloomsbury | ||
| 260 | _bBloomsbury Academic | ||
| 260 | _c2020 | ||
| 650 | _aPhilosophy | ||
| 856 | _uhttps://dx.doi.org/10.5040/9781350125087?locatt=label:secondary_bloomsburyCollections | ||
| 942 | _cEBOOK | ||
| 999 |
_c1682029 _d1682029 |
||